[Event "Staatsliga B - Ost 2002/03"]
[Site "Gols, Hauptplatz, RAIBA"]
[Date "2002.10.27"]
[Round "3"]
[Board "1"]
[White "Likavsky, Tomas"]
[Black "Gross, Stefan"]
[Result "1-0"]
[WhiteElo "2465"]
[BlackElo "2351"]
[PlyCount "107"]

1.d4 Nf6 2.c4 g6 3.Nc3 d5 4.Nf3 Bg7 5.e3 O-O 6.Bd2 c5 7.dxc5 Na6 8.cxd5 Nxc5
9.Bc4 Bf5 10.O-O Rc8 11.Nd4 Bd3 12.Bxd3 Nxd3 13.Qe2 Nxb2 14.Rab1 Nc4 15.Rxb7
Nxd5 16.Nxd5 Qxd5 17.Rxe7 Qc5 18.Rb7 Nxd2 19.Qxd2 Rfd8 20.Rb4 Qc3 21.Qxc3 Rxc3
22.Nb3 Rc2 23.Ra4 Rd7 24.g3 h5 25.Kg2 Bf6 26.Rc1 Rxc1 27.Nxc1 Bd8 28.Rd4 Rxd4
29.exd4 Kf8 30.Kf3 Ke7 31.Ne2 Kd6 32.Ke3 Ba5 33.h3 Bb6 34.Kd3 Ba5 35.g4 hxg4
36.hxg4 Bd8 37.Ke4 Bb6 38.Nc3 Ke6 39.Nb5 f5+ 40.gxf5+ gxf5+ 41.Kd3 Kd5 42.Nc3+
Kc6 43.Kc4 Kd6 44.Nb5+ Ke6 45.a4 a6 46.Nc3 Kd6 47.Nd5 Bd8 48.Nb4 a5 49.Nd3 Kc6
50.Ne5+ Kc7 51.Kd5 Bh4 52.f3 Be1 53.Nc4 Bc3 54.Nd6

[Event "Staatsliga B - Ost 2002/03"]
[Site "Gols, Hauptplatz, RAIBA"]
[Date "2002.10.27"]
[Round "3"]
[Board "2"]
[White "Neumeier, Klaus"]
[Black "Dudas, Jan"]
[Result "1/2-1/2"]
[WhiteElo "2271"]
[BlackElo "2341"]
[PlyCount "83"]

1.e4 c5 2.Nf3 e6 3.c3 Nf6 4.e5 Nd5 5.Bc4 d6 6.O-O Be7 7.d4 cxd4 8.cxd4 O-O
9.exd6 Qxd6 10.Nc3 Nxc3 11.bxc3 b6 12.Ne5 Bb7 13.Bf4 Qd8 14.Qg4 Bd5 15.Bh6 Bf6
16.Bd3 Nd7 17.Qh3 Re8 18.Ng4 gxh6 19.Nxh6+ Kg7 20.Qh5 Re7 21.Rfe1 Nf8 22.Ng4
Bxd4 23.cxd4 f5 24.Bxf5 Kh8 25.Be4 Rg7 26.Nh6 Qd7 27.Rac1 Ng6 28.Bxg6 Rxg6
29.Ng4 Rag8 30.h3 Rg5 31.Qh6 R5g6 32.Qf4 R6g7 33.Qe5 Qe7 34.f3 Qh4 35.Re2 h5
36.Nh2 Kh7 37.Rc7 Rxc7 38.Qxc7+ Rg7 39.Qe5 Rg5 40.Qc7+ Kh6 41.Kh1 Qxd4 42.Qc1

[Event "Staatsliga B - Ost 2002/03"]
[Site "Gols, Hauptplatz, RAIBA"]
[Date "2002.10.27"]
[Round "3"]
[Board "4"]
[White "Wanderer, Thomas"]
[Black "Plank, Franz"]
[Result "1-0"]
[WhiteElo "2159"]
[BlackElo "2256"]
[PlyCount "68"]

1.e4 d5 2.exd5 Qxd5 3.Nc3 Qa5 4.d4 Nf6 5.Nf3 Bf5 6.Bc4 e6 7.O-O c6 8.Bd2 Qc7
9.Re1 Nbd7 10.a4 Bd6 11.h3 h6 12.a5 O-O 13.Qe2 Bb4 14.Bb3 Be7 15.a6 b6 16.d5
cxd5 17.Nd4 Be4 18.Ncb5 Qc8 19.f3 Bg6 20.Bf4 Bc5 21.c3 Ne8 22.Kh1 Ndf6 23.g4 Kh8
24.Qd2 Ng8 25.h4 Bh7 26.h5 Ngf6 27.Re2 Ng8 28.Rg1 Qxa6 29.g5 hxg5 30.Bxg5 Qb7
31.h6 f6 32.hxg7+ Nxg7 33.Bh6 Nxh6 34.Qxh6 Nf5

[Event "Staatsliga B - Ost 2002/03"]
[Site "Gols, Hauptplatz, RAIBA"]
[Date "2002.10.27"]
[Round "3"]
[Board "5"]
[White "Todor, Razvan"]
[Black "Mayr, Thomas"]
[Result "1-0"]
[WhiteElo "2202"]
[BlackElo "2086"]
[PlyCount "49"]

1.c4 c6 2.e4 d5 3.cxd5 cxd5 4.exd5 Nf6 5.Nc3 g6 6.Bc4 Bg7 7.Nf3 O-O 8.Qb3 Nbd7
9.O-O Nb6 10.d3 Bf5 11.Be3 Nfd7 12.Rfe1 Rc8 13.Nb5 a6 14.Nbd4 Nc5 15.Qa3 Bg4
16.h3 Bxf3 17.Nxf3 Ncd7 18.Bg5 Nf6 19.Rxe7 Nxc4 20.dxc4 Rxc4 21.d6 h6 22.Ne5 Rd4
23.Bxf6 Bxf6 24.Nd7 Bxe7 25.dxe7

[Event "Staatsliga B - Ost 2002/03"]
[Site "Gols, Hauptplatz, RAIBA"]
[Date "2002.10.27"]
[Round "3"]
[Board "2"]
[White "Vavrak, Peter"]
[Black "Kummer, Helmut"]
[Result "0-1"]
[WhiteElo "2397"]
[BlackElo "2341"]
[PlyCount "90"]

1.c4 e5 2.Nc3 Nf6 3.g3 d5 4.cxd5 Nxd5 5.Bg2 Nb6 6.Nf3 Nc6 7.O-O Be7 8.d3 O-O
9.Be3 Be6 10.a3 f5 11.b4 Bf6 12.Rc1 Kh8 13.Qd2 Nd4 14.Bxd4 exd4 15.Nd1 c6 16.Nb2
Qd7 17.Nc4 Nxc4 18.dxc4 Rad8 19.Rfd1 Qf7 20.Qd3 g6 21.Rd2 Rd7 22.Qc2 Rfd8 23.Ne1
Re8 24.Nd3 Rde7 25.a4 a6 26.Kf1 Qg7 27.Qb2 Bf7 28.Rdc2 g5 29.Bf3 f4 30.b5 g4
31.Bg2 Bg6 32.Qb3 fxg3 33.hxg3 axb5 34.cxb5 Bg5 35.Rd1 Qh6 36.bxc6 Be4 37.Bxe4
Rxe4 38.Kg1 bxc6 39.Nc5 Re3 40.Rd3 Rf8 41.Rxe3 Bxe3 42.Ne4 Qh3 43.Rxc6 Rxf2
44.Rc8+ Rf8+ 45.Qxe3 Qf1+

[Event "Staatsliga B - Ost 2002/03"]
[Site "Gols, Hauptplatz, RAIBA"]
[Date "2002.10.27"]
[Round "3"]
[Board "3"]
[White "Schneider-Zinner, Harald"]
[Black "Stranz, Richard"]
[Result "1/2-1/2"]
[WhiteElo "2353"]
[BlackElo "2252"]
[PlyCount "52"]

1.d4 Nf6 2.c4 e5 3.dxe5 Ng4 4.Bf4 Nc6 5.Nf3 Bb4+ 6.Nbd2 Qe7 7.a3 Ngxe5 8.Nxe5
Nxe5 9.e3 Bxd2+ 10.Qxd2 d6 11.Qc3 b6 12.c5 bxc5 13.Bb5+ Kf8 14.Bxe5 Qxe5 15.Qxe5
dxe5 16.Rc1 Rb8 17.Rxc5 c6 18.Bxc6 Rxb2 19.O-O Ke7 20.Rfc1 Be6 21.h3 Rc8 22.Bf3
Rbb8 23.Rc7+ Kd8 24.R7c6 Rxc6 25.Rxc6 Rb6 26.Rxb6 axb6

[Event "Staatsliga B - Ost 2002/03"]
[Site "Gols, Hauptplatz, RAIBA"]
[Date "2002.10.27"]
[Round "3"]
[Board "5"]
[White "Holzer, Gerhard"]
[Black "Ranits, Franz"]
[Result "1/2-1/2"]
[WhiteElo "2236"]
[BlackElo "2209"]
[PlyCount "106"]

1.c4 g6 2.Nf3 Bg7 3.e3 c5 4.Be2 Nf6 5.O-O O-O 6.Qc2 Nc6 7.a3 b6 8.Nc3 Bb7 9.b3
d5 10.cxd5 Nxd5 11.Bb2 e5 12.Rfd1 Nc7 13.Rac1 Qe7 14.d3 Rfd8 15.Ne4 Rd7 16.Ba1
Rad8 17.Ned2 Ne6 18.Qb1 Ng5 19.Ne1 h5 20.h4 Nh7 21.Nef3 Bf6 22.g3 Kg7 23.Ne4 g5
24.Nxf6 Qxf6 25.Rc4 g4 26.Nd2 Qe6 27.b4 cxb4 28.axb4 f6 29.Qb3 Nf8 30.Rdc1 Ne7
31.e4 Nc6 32.Rxc6 Bxc6 33.Qxe6 Nxe6 34.Rxc6 Nd4 35.Bxd4 Rxd4 36.Nc4 b5 37.Ne3
Rxb4 38.Nf5+ Kg8 39.f3 Rb2 40.Kf1 gxf3 41.Bxf3 Rxd3 42.Bxh5 Ra3 43.Rc8+ Kh7
44.Rc7+ Kg8 45.Rc1 Raa2 46.Bg4 Kh7 47.Rc7+ Kh8 48.Ne3 Rh2 49.Kg1 Rhd2 50.Rc8+
Kg7 51.Nf5+ Kh7 52.Rc1 Rg2+ 53.Kf1 Rh2

[Event "Staatsliga B - Ost 2002/03"]
[Site "Gols, Hauptplatz, RAIBA"]
[Date "2002.10.27"]
[Round "3"]
[Board "6"]
[White "Galavics, Hermann"]
[Black "Schwab, Rene"]
[Result "0-1"]
[WhiteElo "2097"]
[BlackElo "2227"]
[PlyCount "96"]

1.d4 c6 2.c4 b5 3.cxb5 cxb5 4.Nf3 e6 5.g3 Bb7 6.Bg2 Nf6 7.O-O Qb6 8.Bf4 Nc6
9.Nc3 d5 10.Be3 Be7 11.Ne5 O-O 12.Nxc6 Bxc6 13.a3 b4 14.Na4 Bxa4 15.Qxa4 Ng4
16.axb4 Nxe3 17.fxe3 Bxb4 18.Rfd1 a5 19.Rac1 Rac8 20.Kf2 Qd8 21.Bf3 Qg5 22.Rxc8
Rxc8 23.e4 dxe4 24.Bxe4 Rd8 25.Qc2 Qf6+ 26.Kg2 g6 27.e3 Qg5 28.Rd3 Qb5 29.Rd1
Kg7 30.Bf3 Qb6 31.Qc6 Qb8 32.Qb7 Qd6 33.Qc6 Qe7 34.Kf2 Rd6 35.Qc2 Qa7 36.Qe2 Rd7
37.Rc1 e5 38.d5 f5 39.Kf1 e4 40.Bg2 Rxd5 41.Rc2 Rd3 42.g4 Qxe3 43.Qxe3 Rxe3
44.g5 Bd6 45.Rd2 Bxh2 46.Rd7+ Kf8 47.Rxh7 Bg3 48.Bh3 Be5

[Event "Staatsliga B - Ost 2002/03"]
[Site "Gols, Hauptplatz, RAIBA"]
[Date "2002.10.27"]
[Round "3"]
[Board "1"]
[White "Berkes, Ferenc"]
[Black "Petran, Peter"]
[Result "1-0"]
[WhiteElo "2545"]
[BlackElo "2372"]
[PlyCount "163"]

1.d4 g6 2.c4 Bg7 3.Nf3 d6 4.g3 f5 5.Bg2 c6 6.O-O Nh6 7.d5 O-O 8.Nc3 e5 9.dxe6
Bxe6 10.b3 Nf7 11.Bb2 Na6 12.Qd2 Nc5 13.Nd4 Bd7 14.Rad1 a5 15.e3 Qb6 16.Nce2 a4
17.Nc1 axb3 18.axb3 Ne4 19.Qc2 c5 20.Nde2 Bxb2 21.Qxb2 Qa5 22.f3 Neg5 23.Nc3 Bc6
24.Nd5 Bxd5 25.cxd5 Nh6 26.Nd3 Qd8 27.Nf4 Qf6 28.Qxf6 Rxf6 29.h4 Ngf7 30.Ra1 Rb8
31.Rf2 Ne5 32.Bf1 Rff8 33.Bb5 Ra8 34.Ra4 Rxa4 35.bxa4 Ra8 36.Kf1 Kf7 37.Ke2 Ke7
38.Ne6 Ng8 39.Rf1 Nf6 40.Nf4 Ned7 41.Rb1 Ra7 42.Kd3 Nb6 43.e4 fxe4+ 44.fxe4 Ng4
45.Ne6 h6 46.Kd2 Ne5 47.Ke3 Nec4+ 48.Kd3 Na3 49.Rb2 Nxb5 50.Rxb5 Nxa4 51.Kc4 Kf6
52.Nd8 g5 53.hxg5+ hxg5 54.Rb3 g4 55.Rb1 Ra8 56.Nxb7 Ke5 57.Rb3 Rf8 58.Kb5 Kxe4
59.Nxd6+ Kxd5 60.Rd3+ Ke6 61.Kxa4 Ke5 62.Nc4+ Ke4 63.Rd1 Rb8 64.Nd6+ Kf3 65.Rd3+
Kg2 66.Nf5 Rf8 67.Nh4+ Kh3 68.Kb5 Rf1 69.Kxc5 Rg1 70.Nf5 Rf1 71.Rd5 Rf3 72.Kd4
Ra3 73.Ke4 Ra1 74.Kf4 Rf1+ 75.Kg5 Ra1 76.Rd7 Ra4 77.Rh7+ Kg2 78.Kh4 Kf3 79.Rf7
Ra8 80.Ng7+ Kg2 81.Nh5 Ra4 82.Rf4

[Event "Staatsliga B - Ost 2002/03"]
[Site "Gols, Hauptplatz, RAIBA"]
[Date "2002.10.27"]
[Round "3"]
[Board "2"]
[White "Lipka, Juraj"]
[Black "Lukacs, Peter"]
[Result "1/2-1/2"]
[WhiteElo "2432"]
[BlackElo "2420"]
[PlyCount "27"]

1.e4 e5 2.Nf3 Nc6 3.Bb5 a6 4.Bxc6 dxc6 5.O-O f6 6.d4 Bg4 7.dxe5 Qxd1 8.Rxd1 fxe5
9.Nbd2 O-O-O 10.Re1 Bd6 11.h3 Bh5 12.Nh4 Ne7 13.Nf5 Bg6 14.Nxe7+

[Event "Staatsliga B - Ost 2002/03"]
[Site "Gols, Hauptplatz, RAIBA"]
[Date "2002.10.27"]
[Round "3"]
[Board "3"]
[White "Neulinger, Manfred"]
[Black "Brod, Manfred"]
[Result "1-0"]
[WhiteElo "2384"]
[BlackElo "2237"]
[PlyCount "109"]

1.e4 c5 2.Nf3 d6 3.c3 Nf6 4.Bd3 Nc6 5.Bc2 Bg4 6.h3 Bh5 7.d3 e5 8.g4 Bg6 9.Nh4 d5
10.Nxg6 hxg6 11.Qf3 d4 12.Bb3 Qc7 13.Na3 a6 14.g5 Nh5 15.Bd5 b5 16.Nc2 Bd6 17.a4
O-O 18.axb5 axb5 19.Rxa8 Rxa8 20.Na3 Rb8 21.c4 Na7 22.cxb5 Nxb5 23.Nc4 Rf8
24.Qd1 Qe7 25.Qa4 Nc7 26.Qc6 Nxd5 27.Qxd5 Bc7 28.h4 Kh7 29.Rh3 f5 30.Kf1 Kh8
31.Kg2 Kh7 32.Bd2 Rd8 33.Qc6 Rf8 34.Rf3 fxe4 35.Qxe4 Rxf3 36.Qxf3 Qe6 37.Qe4 Qf5
38.f3 Qe6 39.b3 Qf5 40.Bc1 Nf4+ 41.Bxf4 exf4 42.Qe2 Qd7 43.Nd2 Ba5 44.Ne4 Bb4
45.Qa2 Qb7 46.Qa4 Qe7 47.Qa6 Qf7 48.Qc6 Qa7 49.Qe6 Qa2+ 50.Nf2 Qd2 51.Qf7 Qe2
52.h5 gxh5 53.Qxh5+ Kg8 54.g6 Be1 55.Qd5+

[Event "Staatsliga B - Ost 2002/03"]
[Site "Gols, Hauptplatz, RAIBA"]
[Date "2002.10.27"]
[Round "3"]
[Board "4"]
[White "Salamon, Werner"]
[Black "Schroll, Gerhard"]
[Result "0-1"]
[WhiteElo "2187"]
[BlackElo "2381"]
[PlyCount "77"]

1.e4 e5 2.Nf3 Nc6 3.Bb5 g6 4.Bxc6 dxc6 5.O-O f6 6.d4 exd4 7.Nxd4 c5 8.Nb3 Qxd1
9.Rxd1 Bg4 10.f3 Be6 11.Be3 b6 12.Nc3 Bd6 13.a4 Kf7 14.a5 c4 15.Nd4 b5 16.Nxe6
Kxe6 17.Nd5 Ne7 18.Kf2 Rad8 19.f4 Nxd5 20.Rxd5 c6 21.Rd2 Bb4 22.Rxd8 Rxd8 23.Ke2
f5 24.c3 Be7 25.e5 c5 26.h3 Rd3 27.Rc1 Kd5 28.Kf3 g5 29.g3 h5 30.Rc2 g4+ 31.hxg4
fxg4+ 32.Kf2 h4 33.Re2 h3 34.e6 Rd1 35.Rd2+ Rxd2+ 36.Bxd2 Kxe6 37.Be3 Kf5 38.Kf1
Ke4 39.Bg1

[Event "Staatsliga B - Ost 2002/03"]
[Site "Gols, Hauptplatz, RAIBA"]
[Date "2002.10.27"]
[Round "3"]
[Board "5"]
[White "Posch, Werner"]
[Black "Savio, Alfred"]
[Result "1/2-1/2"]
[WhiteElo "2290"]
[BlackElo "2066"]
[PlyCount "85"]

1.e4 d5 2.exd5 Nf6 3.d4 Nxd5 4.Nf3 Bf5 5.Be2 e6 6.O-O Be7 7.c4 Nb4 8.Na3 O-O
9.Bd2 N8a6 10.Bc3 c5 11.Nb5 Nc2 12.Rc1 Nab4 13.a3 cxd4 14.Bxb4 Nxb4 15.Nbxd4 Nc6
16.Nxf5 exf5 17.Qc2 g6 18.Rfd1 Qc7 19.b4 Bf6 20.Rd5 Rad8 21.Rcd1 Rfe8 22.h3 Qe7
23.Rxd8 Rxd8 24.Rd5 Qe4 25.Bd3 Qe6 26.Rxd8+ Bxd8 27.c5 Ne5 28.Be2 Qd5 29.Qa4 Nc6
30.b5 Na5 31.Qd4 Qxd4 32.Nxd4 Kf8 33.a4 Ke8 34.Bf3 Bf6 35.Nc2 Be7 36.c6 bxc6
37.bxc6 Bc5 38.Bd5 Ke7 39.Ne1 h6 40.Nd3 Bd6 41.f4 f6 42.Kf2 g5 43.Kf3

[Event "Staatsliga B - Ost 2002/03"]
[Site "Gols, Hauptplatz, RAIBA"]
[Date "2002.10.27"]
[Round "3"]
[Board "6"]
[White "Knessl, Friderich"]
[Black "Wiedner, Robert"]
[Result "1/2-1/2"]
[WhiteElo "2058"]
[BlackElo "2241"]
[PlyCount "94"]

1.e4 g6 2.d4 Bg7 3.Nc3 d6 4.Bc4 Nd7 5.Nf3 c6 6.a4 Nf8 7.O-O h6 8.Qe2 Bg4 9.Be3
e6 10.Bb3 Nf6 11.h3 Bxf3 12.Qxf3 d5 13.exd5 exd5 14.Bf4 Ne6 15.Be5 O-O 16.Rfe1
Nh5 17.Rad1 Qh4 18.Ne2 Rfe8 19.Bxg7 Nhxg7 20.c3 Nf5 21.Bc2 Ng5 22.Qg4 Qxg4
23.hxg4 Nd6 24.Nf4 Kg7 25.Kf1 Rxe1+ 26.Rxe1 Re8 27.Rxe8 Nxe8 28.Ke2 Kf6 29.f3
Nd6 30.b4 Ne6 31.Nxe6 fxe6 32.Bd3 g5 33.Ke3 e5 34.dxe5+ Kxe5 35.g3 Ne8 36.f4+
Kd6 37.Kd4 b6 38.Bf5 c5+ 39.Kd3 Nc7 40.Bc8 a5 41.bxa5 bxa5 42.Ke3 Kc6 43.Bf5 Na6
44.Bg6 Kd6 45.Bf5 Nb8 46.Bc8 Nc6 47.Bf5 Ne7

[Event "Staatsliga B - Ost 2002/03"]
[Site "Gols, Hauptplatz, RAIBA"]
[Date "2002.10.27"]
[Round "3"]
[Board "1"]
[White "Polak, Tomas"]
[Black "Palkovi, Jozsef"]
[Result "0-1"]
[WhiteElo "2475"]
[BlackElo "2398"]
[PlyCount "51"]

1.d4 Nf6 2.c4 e6 3.Nf3 c5 4.d5 exd5 5.cxd5 d6 6.Nc3 g6 7.h3 a6 8.a4 Qe7 9.Nd2
Nbd7 10.e4 Bg7 11.Be2 O-O 12.O-O Qe8 13.f4 Rb8 14.Re1 b5 15.axb5 axb5 16.e5 b4
17.exf6 Nxf6 18.Nc4 bxc3 19.bxc3 Bb7 20.Bd2 Bxd5 21.Bf3 Be4 22.Bxe4 Nxe4 23.Rxe4
Qxe4 24.Nxd6 Qd3 25.Ne8 Rbxe8 26.Be1? {weitere 25 Zuege}

[Event "Staatsliga B - Ost 2002/03"]
[Site "Gols, Hauptplatz, RAIBA"]
[Date "2002.10.27"]
[Round "3"]
[Board "2"]
[White "Gugler, Edgar"]
[Black "Groetz, Harald"]
[Result "1-0"]
[WhiteElo "2225"]
[BlackElo "2322"]
[PlyCount "63"]

1.Nf3 Nf6 2.d4 g6 3.Bf4 Bg7 4.e3 O-O 5.h3 d6 6.Be2 Nbd7 7.O-O Qe8 8.c4 e5 9.Bh2
Ne4 10.Nc3 Nxc3 11.bxc3 Qe7 12.Nd2 f5 13.Rb1 Nf6 14.c5 Kh8 15.Nc4 Ne4 16.Qc2 b6
17.cxd6 cxd6 18.f3 Ng5 19.Qa4 Be6 20.Qb4 Bxc4 21.Bxc4 Qf6 22.Rbd1 Rad8 23.Kh1
Rd7 24.dxe5 Qe7 25.Rxd6 Rc7 26.Rfd1 a5 27.Qa4 Bxe5 28.Rd7 Rxd7 29.Rxd7 Qe8
30.Rd8 Qxd8 31.Bxe5+ Rf6 32.Qe8+

[Event "Staatsliga B - Ost 2002/03"]
[Site "Gols, Hauptplatz, RAIBA"]
[Date "2002.10.27"]
[Round "3"]
[Board "3"]
[White "Hangweyrer, Manfred"]
[Black "Waller, Helmut"]
[Result "1/2-1/2"]
[WhiteElo "2315"]
[BlackElo "2175"]
[PlyCount "47"]

1.c4 c6 2.Nf3 d5 3.e3 Nf6 4.b3 Bg4 5.Bb2 Nbd7 6.Be2 e6 7.O-O Bd6 8.cxd5 exd5
9.Nd4 Bxe2 10.Qxe2 g6 11.f4 Qe7 12.a4 a6 13.Nc3 O-O 14.Nd1 Rac8 15.d3 c5 16.Nc2
Rfe8 17.f5 d4 18.fxg6 fxg6 19.Qf3 Rf8 20.Nf2 Qe5 21.Qh3 Qd5 22.Ne4 Nxe4 23.dxe4
Qxe4 24.exd4

[Event "Staatsliga B - Ost 2002/03"]
[Site "Gols, Hauptplatz, RAIBA"]
[Date "2002.10.27"]
[Round "3"]
[Board "4"]
[White "Wadsack, Wolfgang"]
[Black "Wolfram, Bernd"]
[Result "0-1"]
[WhiteElo "2162"]
[BlackElo "2176"]
[PlyCount "74"]

1.e4 d5 2.exd5 Nf6 3.c4 c6 4.d4 cxd5 5.Nc3 Nc6 6.Bg5 Bg4 7.Be2 Bxe2 8.Ngxe2 dxc4
9.d5 Ne5 10.O-O Nfd7 11.d6 f6 12.Nd5 exd6 13.Nef4 Nc5 14.Re1 fxg5 15.Qh5+ Kd7
16.Rxe5 dxe5 17.Rd1 Bd6 18.Qh3+ Kc6 19.Ne2 Qf8 20.b4 cxb3 21.axb3 a5 22.Qc3 b6
23.Qc4 b5 24.Qg4 h5 25.Qg3 b4 26.Qe3 Rh6 27.Ng3 Rd8 28.Qxg5 g6 29.Qc1 Rh8 30.Ne4
Be7 31.Qc4 g5 32.Nxc5 Bxc5 33.Qa6+ Kd7 34.Nf4+ Bd4 35.Qe6+ Kc7 36.Rc1+ Kb8
37.Qc6 Qd6

[Event "Staatsliga B - Ost 2002/03"]
[Site "Gols, Hauptplatz, RAIBA"]
[Date "2002.10.27"]
[Round "3"]
[Board "6"]
[White "Thierjung, Helmut"]
[Black "Schirmbeck, Hannes"]
[Result "1-0"]
[WhiteElo "2032"]
[BlackElo "2144"]
[PlyCount "91"]

1.d4 Nf6 2.Nf3 c5 3.g3 d5 4.c3 e6 5.Bg2 Be7 6.O-O O-O 7.Ne5 Nc6 8.Nxc6 bxc6
9.Nd2 Ba6 10.Re1 Qb6 11.e3 Rab8 12.Nb3 c4 13.Nd2 c5 14.h3 Rfd8 15.Qc2 Bb5 16.f4
Qc7 17.Nf3 Ne4 18.Kh2 f6 19.Nd2 Nd6 20.Nf3 Be8 21.dxc5 Ne4 22.c6 e5 23.Nh4 Bxc6
24.Nf5 Bc5 25.Qe2 g6 26.Nh4 Bb5 27.Rf1 f5 28.Rd1 Be7 29.Nf3 Bf6 30.Qc2 Nc5
31.Rg1 Ba4 32.Qe2 e4 33.Nd4 Nd3 34.Ne6 Qb6 35.Nxd8 Bxd8 36.g4 fxg4 37.hxg4 Bf6
38.Bh3 Nxc1 39.Raxc1 Qxb2 40.Qxb2 Rxb2+ 41.Rg2 Rb6 42.Rd2 Kf7 43.g5 Bg7 44.Rxd5
Rb2+ 45.Bg2 Bc2 46.Rd2

[Event "Staatsliga B - Ost 2002/03"]
[Site "Gols, Hauptplatz, RAIBA"]
[Date "2002.10.27"]
[Round "3"]
[Board "1"]
[White "Staudner, Oliver"]
[Black "Balinov, Ilija"]
[Result "1-0"]
[WhiteElo "2360"]
[BlackElo "2444"]
[PlyCount "82"]

1.e4 c6 2.d4 d5 3.e5 Bf5 4.Be3 Qb6 5.Qc1 e6 6.c3 c5 7.dxc5 Bxc5 8.Bxc5 Qxc5
9.Nf3 Ne7 10.Nbd2 O-O 11.Nb3 Qc7 12.Qe3 Ng6 13.O-O-O Bg4 14.Nbd4 Nc6 15.Re1 Rab8
16.Kb1 Bxf3 17.Nxf3 b5 18.h4 b4 19.c4 b3 20.a3 dxc4 21.h5 Nge7 22.Bxc4 Rfd8
23.Bd3 Nb4 24.axb4 Rxb4 25.Rh4 Rxh4 26.Nxh4 Qa5 27.Rd1 Kf8 28.Qe4 Rc8 29.Bc4
Qa2+ 30.Kc1 Qa4 31.Kb1 Nd5 32.Rd4 Nb4 33.Bxb3 Qxb3 34.Rxb4 Qd1+ 35.Ka2 a5 36.Qd4
Qc1 37.Qd6+ Ke8 38.Rd4 Qc2 39.Qd7+ Kf8 40.Qd6+ Ke8 41.h6 gxh6

[Event "Staatsliga B - Ost 2002/03"]
[Site "Gols, Hauptplatz, RAIBA"]
[Date "2002.10.27"]
[Round "3"]
[Board "2"]
[White "Miniboeck, Guenter"]
[Black "Plachetka, Jan"]
[Result "1/2-1/2"]
[WhiteElo "2335"]
[BlackElo "2451"]
[PlyCount "22"]

1.d4 Nf6 2.c4 e6 3.Nc3 Bb4 4.Qc2 c5 5.dxc5 Bxc5 6.Nf3 O-O 7.Bg5 Be7 8.e4 d6
9.Be2 Nbd7 10.Rd1 Qa5 11.O-O a6

[Event "Staatsliga B - Ost 2002/03"]
[Site "Gols, Hauptplatz, RAIBA"]
[Date "2002.10.27"]
[Round "3"]
[Board "3"]
[White "Beckhuis, Gernod"]
[Black "Brandner, Stefan"]
[Result "1/2-1/2"]
[WhiteElo "2283"]
[BlackElo "2300"]
[PlyCount "43"]

1.d4 d5 2.c4 Nc6 3.cxd5 Qxd5 4.e3 e5 5.Nc3 Bb4 6.Bd2 Bxc3 7.Bxc3 exd4 8.Ne2 Nf6
9.Nxd4 O-O 10.Be2 Qxg2 11.Bf3 Qg6 12.Nxc6 bxc6 13.Qd4 Bg4 14.Rg1 Bxf3 15.Rxg6
fxg6 16.Rc1 Rad8 17.Qxa7 Rf7 18.Bd4 Ng4 19.h3 Nh6 20.Rc2 Nf5 21.Rd2 Nh4 22.Qa4

[Event "Staatsliga B - Ost 2002/03"]
[Site "Gols, Hauptplatz, RAIBA"]
[Date "2002.10.27"]
[Round "3"]
[Board "4"]
[White "Eibersberger, Manfred"]
[Black "Vokroj, Rene"]
[Result "0-1"]
[WhiteElo "2134"]
[BlackElo "2287"]
[PlyCount "72"]

1.c4 Nc6 2.Nc3 e5 3.g3 f5 4.Bg2 Nf6 5.e3 g6 6.Nge2 Bg7 7.O-O O-O 8.d4 d6 9.Rb1
a5 10.a3 Ne7 11.b4 axb4 12.axb4 c6 13.Qb3 Be6 14.b5 e4 15.Ba3 Rf7 16.bxc6 bxc6
17.Nf4 Bc8 18.h4 Ne8 19.Ra1 h6 20.Bb2 Rxa1 21.Rxa1 g5 22.hxg5 hxg5 23.Nh3 Ng6
24.Ra8 Bf6 25.Qb8 Rc7 26.Na4 Ne7 27.Bc3 Qd7 28.Nb6 Qe6 29.d5 cxd5 30.cxd5 Nxd5
31.Nxd5 Qxd5 32.Bxf6 Rc1+ 33.Kh2 Nxf6 34.Nxg5 Ng4+ 35.Kh3 Nxf2+ 36.Kh4 Qd1

[Event "Staatsliga B - Ost 2002/03"]
[Site "Gols, Hauptplatz, RAIBA"]
[Date "2002.10.27"]
[Round "3"]
[Board "5"]
[White "Rogetzer, Klaus"]
[Black "Sulyok, Michael"]
[Result "1/2-1/2"]
[WhiteElo "2135"]
[BlackElo "2222"]
[PlyCount "24"]

1.d4 d6 2.c4 f5 3.g3 Nf6 4.Bg2 g6 5.Nh3 Bg7 6.O-O O-O 7.Nc3 Qe8 8.Nf4 c6 9.d5 e5
10.dxe6 Bxe6 11.Nxe6 Qxe6 12.Bf4 Na6

[Event "Staatsliga B - Ost 2002/03"]
[Site "Gols, Hauptplatz, RAIBA"]
[Date "2002.10.27"]
[Round "3"]
[Board "6"]
[White "Bandy, Attila"]
[Black "Steiner, Johann"]
[Result "1/2-1/2"]
[WhiteElo "2208"]
[BlackElo "2070"]
[PlyCount "34"]

1.d4 Nf6 2.Nf3 g6 3.Bf4 Bg7 4.e3 d6 5.h3 O-O 6.c3 b6 7.Be2 Bb7 8.O-O Nbd7 9.Nbd2
h6 10.a4 a5 11.Bh2 Ne4 12.Qb3 Nxd2 13.Nxd2 e5 14.Rac1 Kh7 15.Rfd1 Qe7 16.Bf3
Bxf3 17.Nxf3 e4

[Event "Staatsliga B - Ost 2002/03"]
[Site "Gols, Hauptplatz, RAIBA"]
[Date "2002.10.27"]
[Round "3"]
[Board "1"]
[White "Tibensky, Robert"]
[Black "Rotstein, Arkadij"]
[Result "0-1"]
[WhiteElo "2446"]
[BlackElo "2544"]
[PlyCount "55"]

1.d4 Nf6 2.Nf3 e6 3.e3 b6 4.Bd3 Bb7 5.O-O c5 6.c4 g6 7.Nc3 Bg7 8.d5 exd5 9.cxd5
O-O 10.e4 d6 11.h3 Na6 12.a3 Nc7 13.Re1 Qd7 14.Rb1 Nh5 15.Bd2 Rac8 16.b4 Nf4
17.Bxf4 Bxc3 18.Re3 Bg7 19.bxc5 dxc5 20.Bh2 Kh8 21.d6 Ne6 22.e5 Bc6 23.h4 Bh6
24.Re1 b5 25.Nd2 c4 26.Bc2 Nf4 27.f3 f6 28.exf6 {noch weitere 18 Zuege}

[Event "Staatsliga B - Ost 2002/03"]
[Site "Gols, Hauptplatz, RAIBA"]
[Date "2002.10.27"]
[Round "3"]
[Board "2"]
[White "Wukits, Rene"]
[Black "Wallner, Joachim"]
[Result "1-0"]
[WhiteElo "2296"]
[BlackElo "2297"]
[PlyCount "37"]

1.d4 d5 2.c4 c6 3.Nf3 Nf6 4.Nc3 dxc4 5.a4 Bf5 6.e3 e6 7.Bxc4 Bb4 8.O-O O-O 9.Qc2
Nbd7 10.e4 Bg6 11.Bd3 h6 12.Bf4 Re8 13.Rfd1 c5 14.Ne2 Qb6 15.Bb5 Qa5 16.dxc5
Red8 17.Qc4 Bxc5 18.b4 Bxf2+ 19.Kh1

[Event "Staatsliga B - Ost 2002/03"]
[Site "Gols, Hauptplatz, RAIBA"]
[Date "2002.10.27"]
[Round "3"]
[Board "3"]
[White "Brustkern, Juergen"]
[Black "Kreindl, Helmut"]
[Result "1-0"]
[WhiteElo "2331"]
[BlackElo "2230"]
[PlyCount "81"]

1.Nf3 d5 2.g3 Nf6 3.Bg2 Bf5 4.O-O e6 5.c4 c6 6.b3 Be7 7.Bb2 Nbd7 8.d3 h6 9.Nbd2
O-O 10.Rc1 a5 11.a3 Qb8 12.cxd5 exd5 13.Nd4 Bh7 14.Bh3 Rd8 15.N2f3 g5 16.Bf5 Bg6
17.Qd2 Re8 18.h4 Qd6 19.hxg5 hxg5 20.Bxg6 fxg6 21.Qxg5 Kf7 22.Qh6 Rg8 23.Ng5+
Ke8 24.Nde6 Nf8 25.Ng7+ Kd7 26.Qh3+ Kc7 27.N7e6+ Nxe6 28.Nxe6+ Kb8 29.e4 Qd7
30.Rfe1 Ka7 31.Be5 c5 32.Bxf6 Bxf6 33.exd5 b6 34.b4 Bd4 35.bxa5 bxa5 36.Qg2 Rac8
37.Qe4 Rge8 38.Rb1 Qd6 39.Qxg6 Rg8 40.Qf7+ Rc7 41.Qxc7+

[Event "Staatsliga B - Ost 2002/03"]
[Site "Gols, Hauptplatz, RAIBA"]
[Date "2002.10.27"]
[Round "3"]
[Board "4"]
[White "Schwaninger, Wolfgang"]
[Black "Fusi, Christoph"]
[Result "1-0"]
[WhiteElo "2188"]
[BlackElo "2297"]
[PlyCount "63"]

1.d4 d5 2.Nf3 Nf6 3.Bf4 Bf5 4.e3 e6 5.Bd3 Bxd3 6.Qxd3 c6 7.O-O Nh5 8.Re1 Nd7
9.Nbd2 Be7 10.c4 g5 11.Bg3 g4 12.Ne5 Nxg3 13.Nxd7 Ne4 14.Nc5 Nxc5 15.dxc5 dxc4
16.Qc3 Bf6 17.Qb4 b5 18.cxb6 Qxb6 19.Qxc4 O-O-O 20.Ne4 Be5 21.Rac1 Kc7 22.b4 Rd5
23.a4 f5 24.Nc5 Kd6 25.e4 fxe4 26.Rxe4 a5 27.Rxe5 Rxe5 28.Qd4+ Rd5 29.Qxh8 axb4
30.Qf8+ Kc7 31.Qe7+ Kc8 32.Qxe6+

[Event "Staatsliga B - Ost 2002/03"]
[Site "Wien, Austria-Center"]
[Date "2002.11.23"]
[Round "4"]
[Board "1"]
[White "Volkmann, Friedrich"]
[Black "Polak, Tomas"]
[Result "1/2-1/2"]
[WhiteElo "2434"]
[BlackElo "2475"]
[PlyCount "49"]

1.e4 c6 2.c4 d5 3.cxd5 cxd5 4.exd5 Nf6 5.Nc3 Nxd5 6.Nf3 Nc6 7.Bb5 e6 8.O-O Be7
9.d4 O-O 10.Re1 Nxc3 11.bxc3 Bd7 12.Bd3 a6 13.a4 Rc8 14.Rb1 Na5 15.Ne5 Be8
16.Re3 g6 17.Bd2 Bg5 18.Rg3 Bxd2 19.Qxd2 Qf6 20.h4 Nc6 21.Ng4 Qe7 22.h5 f5
23.Ne5 Nxe5 24.dxe5 Rc7 25.Rb4

[Event "Staatsliga B - Ost 2002/03"]
[Site "Wien, Austria-Center"]
[Date "2002.11.23"]
[Round "4"]
[Board "2"]
[White "Groetz, Harald"]
[Black "Lukacs, Peter"]
[Result "1-0"]
[WhiteElo "2322"]
[BlackElo "2420"]
[PlyCount "109"]

1.e4 e5 2.Nf3 Nc6 3.Bb5 a6 4.Bxc6 dxc6 5.O-O Qd6 6.d4 exd4 7.Nxd4 Bd7 8.Be3
O-O-O 9.Nc3 Nh6 10.f3 Qg6 11.Qe2 Bd6 12.Rad1 f5 13.Nb3 Rhe8 14.Bc5 fxe4 15.Nxe4
Bf5 16.Rfe1 Nf7 17.Kh1 Kb8 18.Qf2 Bxe4 19.fxe4 Qh5 20.Bxd6 Nxd6 21.Rd3 Re5
22.Qf3 Qh4 23.g3 Qe7 24.Nd2 Re8 25.Rde3 h5 26.b3 h4 27.Kg2 hxg3 28.hxg3 Rh8
29.Rh1 Rxh1 30.Kxh1 Nf5 31.Nc4 Nxg3+ 32.Qxg3 Rh5+ 33.Kg2 Rg5 34.e5 Rxg3+ 35.Kxg3
Qe6 36.c3 c5 37.Nd2 Qh6 38.Kf3 Qe6 39.Ke2 g5 40.Nf3 g4 41.Ng5 Qe7 42.e6 Kc8
43.Nf7 b5 44.Kf2 Kb7 45.Kg3 a5 46.Kxg4 c4 47.bxc4 b4 48.cxb4 axb4 49.Re5 c6
50.Kf5 Kb6 51.Kg6 Kc7 52.c5 Kb7 53.Nd6+ Ka6 54.Nf5 Qe8+ 55.Kg7